| 000 | 00518nam a2200181Ia 4500 | ||
|---|---|---|---|
| 005 | 20250326124409.0 | ||
| 008 | 250326s9999 xx 000 0 und d | ||
| 037 | _aTextbook | ||
| 040 |
_aFMSL _beng _cFMSL |
||
| 041 |
_aeng _2eng |
||
| 084 |
_aX:75.44 L7.1 _qFMSL |
||
| 100 | _aTandan B C | ||
| 245 | 0 |
_aPattern and technique of India's economic development _cTandan B C |
|
| 260 |
_aAllahabad _bAllahabad, Chugh _c1977 |
||
| 300 | _a360p | ||
| 942 |
_cTB _hX:75.44 L7.1 |
||
| 999 |
_c1273556 _d1273556 |
||